[Event "Las Palmas Insular-chT Pref-B"]
[Site "Las Palmas"]
[Date "2015.12.12"]
[Round "6.4"]
[White "Sueilam Dahi, Sid Ahmed"]
[Black "Amador Garcia, Ismael"]
[Result "0-1"]
[WhiteElo "1539"]
[BlackElo "1602"]
[PlyCount "82"]
[EventDate "2015.10.17"]
[EventType "team-tourn"]
[EventRounds "14"]
[EventCountry "ESP"]
[SourceTitle "CBM 170 Extra"]
[Source "ChessBase"]
[SourceDate "2016.02.25"]
[SourceVersion "1"]
[SourceVersionDate "2016.02.25"]
[SourceQuality "1"]
[WhiteTeam "El Puerto de Santa Lucia"]
[BlackTeam "La Caja de Canarias II"]
[WhiteTeamCountry "ESP"]
[BlackTeamCountry "ESP"]

1. e4 c5 2. Nc3 Nc6 3. Nf3 d6 4. h3 Nf6 5. d4 cxd4 6. Nxd4 g6 7. Be3 Bg7 8. Bc4 0-0 9. Qd2 Bd7 10. 0-0-0 Rb8 11. f4 a6 12. g4 b5 13. Bd3 Qa5 14. Kb1 Rfc8 15. Rh2 Nb4 16. a3 Nxd3 17. Qxd3 b4 18. Nb3 Qc7 19. axb4 Rxb4 20. g5 Nxe4 21. Nd5 Bb5 22. Nxc7 Bxd3 23. Nd5 Rxb3 24. Rxd3 Rxb2+ 25. Kc1 Rcb8 26. Kd1 Kf8 27. Bd4 Bxd4 28. Rxd4 Nc5 29. Rdd2 a5 30. c3 Rxd2+ 31. Rxd2 a4 32. Ke2 a3 33. Nb4 Ne4 34. Rc2 Nxc3+ 35. Rxc3 Rxb4 36. Rxa3 Rxf4 37. Ra8+ Kg7 38. Re8 Rf5 39. h4 e6 40. Ke3 Rf1 41. Rd8 d5 0-1